| 000 | 00461nam a22001697a 4500 | ||
|---|---|---|---|
| 999 |
_c525665 _d525665 |
||
| 003 | NUST | ||
| 020 | _c(Hbk) | ||
| 038 | _aM. Shaban | ||
| 082 |
_a891.4391 _bRAS |
||
| 100 |
_aDr. Rashid Hameed _916601 |
||
| 245 |
_aJavdan iqbal / _cDr. Rashid Hameed |
||
| 260 |
_aIslamabad : _bAcademy Adbiat Pakistan, _c2007. |
||
| 300 | _a734 p. ; | ||
| 880 |
_6100-01\r _aڈاکٹر راشد حمید |
||
| 880 |
_6245-02\r _aجاوداں اقبال / |
||
| 942 |
_2ddc _cBK |
||